000 00303nam a22001337a 4500
008 170414b xxu||||| |||| 00| 0 eng d
020 _a0915473763
041 _aeng
080 _a618
100 _a10
101 _aSHM
245 _aHUIDELINES WOMENS HEALTH CARE
_cHERBERT.N.P.W
942 _2udc
_cBK
999 _c10782
_d10782